| 000 | 00608nam a22001937a 4500 | ||
|---|---|---|---|
| 003 | SISC | ||
| 005 | 20160321100231.0 | ||
| 008 | 130906t xxu||||| |||| 00| 0 eng d | ||
| 020 | _a0774403489 | ||
| 050 |
_aLB 2395 _b.M32 1989 |
||
| 082 |
_aHS 371.3 _bM16 1989 |
||
| 100 |
_aMacFarlane,Polly _916742 |
||
| 245 |
_aStudying effectively and efficiently : _ban integrated system / _cPolly MacFarlane |
||
| 260 |
_aToronto, Ont : _bThe Ontario Institute for Studies in Education, _c1989. |
||
| 300 |
_aVii, 46 p. ; _bill. ; _c22 cm. |
||
| 650 |
_a Study skills _987 |
||
| 942 |
_2lcc _cBK |
||
| 999 |
_c10451 _d10451 |
||